00943nam a22002057a 450000500170000000800410001702000170005803700150007504000350009004100080012508200140013310000270014724500300017426000360020430000250024052003790026565000360064465000260068065000310070620240227203316.0240227b |||||||| |||| 00| 0 eng d a071009007505 3Donación aCO-JMCRcCO-JMCRdCO-JMCRerda aeng aA-NbSTEm eautoraSteel, Danielle aMalice / cDanielle Steel aNew YorkbDell Publishingc1996 a406 páginasc17 cm aat seventeen, the night of her mother´s funeral, Grace Adams is attacked. It is not the first time, and a brutal crime ensues. And to everyone´s horror, Grace will not tell the truth. she is a yougn woman with secrets too horrible to tell, with hurts so deep they may never heal. She is also beautifull enough for men to want her no matter how much she does not want them. 2JMCRaLiteratura Estadounidense aNovela Estadounidense aAsesinato en la literatura